Name Brawl Stars Skins - Poco - Statistics

General Stats
  • This quiz has been taken 8 times
  • The average score is 7 of 11
Answer Stats
Picture Answer % Correct
Poco
100%
True Gold Poco
100%
True Silver Poco
88%
CCTV Poco
75%
Poco Starr
75%
Desperado Poco
63%
Pirate Poco
63%
Quit Playing Poco
50%
Serenade Poco
50%
Trash Poco
50%
Possessed Poco
25%
No matching quizzes found
Score Distribution
Percent of People with Each Score
Percentile by Number Answered
Your Score History
You have not taken this quiz